000 00483nam a22001817a 4500
003 LK-CoDNM
005 20250130095540.0
008 250130b |||||||| |||| 00| 0 eng d
040 _aLK-CoDNM
_dLK-CoDNM
_eLK-CoDNM
041 _aeng
080 _a13
_bR7
100 _aHarmer,S.F and Shilpey,E
245 _aThe cambridge natural history Volume vii
260 _aLondon
_bMacmillan and company
_c1904
300 _axvii, 760p. : ill ; 22 cm
650 _aAnimals
942 _cBK
999 _c237667
_d237667